000 01502cam a22003258i 4500
001 19917693
003 TZ-ArACH
005 20240422150106.0
008 170818s2018 enk b 001 0 eng
010 _a 2017039766
020 _a9781138064959 (hardback)
020 _a9780367888701 (pbk)
020 _z9781351661508 (epub)
020 _z9781351661492 (adobe)
040 _aDLC
_beng
_erda
_cTZ-ArACH
042 _apcc
050 0 0 _aKZ1273
_b.K57 2018
100 1 _aKlučka, Ján,
_eauthor.
245 1 0 _aRegionalism in international law /
_cJán Klučka.
260 _aLondon;
_aNew York;
_bRoutledge;
_c2018.
263 _a1801
300 _ax; 165 pages
_c23 cm
490 0 _aRoutledge research in international law
504 _aIncludes bibliographical references and index.
505 0 _aInternational organizations as new subjects of international law and its institutionalization -- Place and position of international organizations within international law system -- Regionalism and international law -- Old and new regionalism -- Treaty and institutional regionalism -- Regional judicial and non judicial bodies and their importance for proper functioning of regional systems -- Interregionalism -- Relation of regionalism and regional organizations with respect to general international law.
650 0 _aRegionalism (International organization)
906 _a7
_bcbc
_corignew
_d1
_eecip
_f20
_gy-gencatlg
942 _2lcc
_cBOOK
999 _c7037
_d7037